Ročenka agropotravinárskeho zahraničného obchodu SR za rok 2005

Guardado en:
Detalles Bibliográficos
Autor principal: Gálik, Jozef
Otros Autores: Matošková, Dagmar
Formato: Libro
Lenguaje:eslovaco
Publicado: Bratislava Výskumný ústav ekonomiky poľnohospodárstva a potravinárstva 2006
Colección:Štúdia č. 112/2006
Materias:
Etiquetas: Agregar Etiqueta
Sin Etiquetas, Sea el primero en etiquetar este registro!

MARC

LEADER 00000nam$a2200000$$$4500
001 0054721
005 20220805103534.7
020 |a 80-8058-447-8 
041 0 |a slo 
044 |a SK 
245 1 0 |a Ročenka agropotravinárskeho zahraničného obchodu SR za rok 2005  |c Jozef Gálik, Dagmar Matošková 
264 1 |a Bratislava  |b Výskumný ústav ekonomiky poľnohospodárstva a potravinárstva  |c 2006 
300 |a 55 s. 
490 1 |a Štúdia  |v č. 112/2006 
830 0 |a Štúdia  |v č. 112/2006 
610 2 0 |a agropotravinárstvo 
610 2 0 |a obchod zahraničný 
610 2 0 |a zisťovanie štatistické 
610 2 0 |a vývoz 
610 2 0 |a dovoz 
610 2 0 |a komodity 
610 2 0 |a konkurencieschopnosť 
610 2 0 |a krajiny rozvojové 
610 2 0 |a krajiny vyspelé 
610 2 0 |a ceny 
610 2 0 |a výrobky poľnohospodárske 
610 2 0 |a Slovensko 
610 2 0 |a Európska únia 
610 2 0 |a 2005 
100 1 |a Gálik, Jozef 
700 1 |a Matošková, Dagmar